书目信息 |
| 题名: |
化工原理实验
|
|
| 作者: | 徐强 , 胡承波 , 王维勋 主编 | |
| 分册: | ||
| 出版信息: | 北京 中国水利水电出版社 2017.1 |
|
| 页数: | 211页 | |
| 开本: | 24cm | |
| 丛书名: | ||
| 单 册: | ||
| 中图分类: | TQ02-33 | |
| 科图分类: | ||
| 主题词: | 化工原理--实验 | |
| 电子资源: | ||
| ISBN: | 978-7-5170-4941-8 | |
| 000 | 00938nam0 2200253 450 | |
| 001 | 0400009458 | |
| 005 | 20171121082034.0 | |
| 010 | @a978-7-5170-4941-8@dCNY42.00 | |
| 100 | @a20170427d2017 em y0chiy50 ea | |
| 101 | 0 | @achi |
| 102 | @aCN@b110000 | |
| 105 | @ay z 000yy | |
| 106 | @ar | |
| 200 | 1 | @a化工原理实验@Ahua gong yuan li shi yan@f主编徐强,胡承波,王维勋 |
| 210 | @a北京@c中国水利水电出版社@d2017.1 | |
| 215 | @a211页@d24cm | |
| 330 | @a本教材以化工实验研究的共性以及处理工程问题的实验研究方法为主,注重实验教材的实践性和单元操作的工程性,强调研究方法和工程观点的培养,并在内容的编排取材上注重理论联系实际和运用实验的方法论解决工程问题,并注重计算机技术和软件的应用。 | |
| 606 | 0 | @a化工原理@x实验 |
| 690 | @aTQ02-33@v5 | |
| 701 | 0 | @a徐强@Axu qiang@4主编 |
| 701 | 0 | @a胡承波@Ahu cheng bo@4主编 |
| 701 | 0 | @a王维勋@Awang wei xun@4主编 |
| 801 | 0 | @aCN@b上海新华@c20171121 |
| 905 | @b1028976-80@dTQ02-33@e458@f5 | |
| 化工原理实验/主编徐强,胡承波,王维勋.-北京:中国水利水电出版社,2017.1 |
| 211页;24cm |
| ISBN 978-7-5170-4941-8:CNY42.00 |
| 本教材以化工实验研究的共性以及处理工程问题的实验研究方法为主,注重实验教材的实践性和单元操作的工程性,强调研究方法和工程观点的培养,并在内容的编排取材上注重理论联系实际和运用实验的方法论解决工程问题,并注重计算机技术和软件的应用。 |
| ● |
| 相关链接 |
|
|
|
|
正题名:化工原理实验
索取号:TQ02-33/458
 
预约/预借
| 序号 | 登录号 | 条形码 | 馆藏地/架位号 | 状态 | 备注 |
| 1 | 1028976 | 210289766 | 第二样本阅览室/ [索取号:TQ02-33/458] | 在馆 | |
| 2 | 1028977 | 210289775 | 第三借阅区/ [索取号:TQ02-33/458] | 在馆 | |
| 3 | 1028978 | 210289784 | 第三借阅区/ [索取号:TQ02-33/458] | 在馆 | |
| 4 | 1028979 | 210289793 | 密集书库-化学系/ [索取号:TQ02-33/458] | 在馆 | |
| 5 | 1028980 | 210289800 | 第三借阅区/ [索取号:TQ02-33/458] | 在馆 |